Online
Catalog

Proyecto de acto institucional que el gobierno constitucional de la República Dominicana ha elaborado para ser discutido frente a la comisión Ad-Hoc de la organización de Estados Americanos. (Record no. 31166)

MARC details
000 -CABECERA
campo de control de longitud fija 00787nam a2200229 i 4500
001 - NÚMERO DE CONTROL
campo de control 000031674
003 - IDENTIFICADOR DEL NÚMERO DE CONTROL
campo de control DO-SdBNP
005 - FECHA Y HORA DE LA ÚLTIMA TRANSACCIÓN
campo de control 20241111125631.0
007 - CAMPO FIJO DE DESCRIPCIÓN FÍSICA--INFORMACIÓN GENERAL
campo de control de longitud fija ta
008 - DATOS DE LONGITUD FIJA--INFORMACIÓN GENERAL
campo de control de longitud fija 110629s1965 dr 000 0 spa d
040 ## - FUENTE DE LA CATALOGACIÓN
Centro catalogador/agencia de origen DO-SdBNP
Lengua de catalogación spa
Centro/agencia transcriptor BNPHU
Normas de descripción rda
082 ## - NÚMERO DE LA CLASIFICACIÓN DECIMAL DEWEY
Número de clasificación xxx
Número de documento/Ítem P969
Número de edición 22
245 00 - MENCIÓN DE TÍTULO
Título Proyecto de acto institucional que el gobierno constitucional de la República Dominicana ha elaborado para ser discutido frente a la comisión Ad-Hoc de la organización de Estados Americanos.
264 ## - PRODUCCIÓN, PUBLICACIÓN, DISTRIBUCIÓN, FABRICACIÓN Y COPYRIGHT
Producción, publicación, distribución, fabricación y copyright Santo Domingo :
Nombre del de productor, editor, distribuidor, fabricante Editora no indentificada,
Fecha de producción, publicación, distribución, fabricación o copyright 1965.
300 ## - DESCRIPCIÓN FÍSICA
Extensión 42 páginas ;
Dimensiones 22 cm.
336 ## - TIPO DE CONTENIDO
Término de tipo de contenido rdacontent
Código de tipo de contenido texto
Fuente txt
337 ## - TIPO DE MEDIO
Nombre/término del tipo de medio rdamedia
Código del tipo de medio sin mediación
Fuente n
338 ## - TIPO DE SOPORTE
Nombre/término del tipo de soporte rdacarrier
Código del tipo de soporte volumen
Fuente nc
590 ## - NOTA LOCAL (RLIN)
Nota local Inventariado, 2024/DG
910 ## - DATOS DE OPCIÓN DEL USUARIO (OCLC)
Datos de opción del usuario DG
942 ## - ELEMENTOS DE PUNTO DE ACCESO ADICIONAL (KOHA)
Fuente del sistema de clasificación o colocación Dewey Decimal Classification
Tipo de ítem Koha Libro
Holdings
Estado de retiro Estado de pérdida No para préstamo Código de colección Localización permanente Ubicación/localización actual Ubicación en estantería Fecha de adquisición Número de inventario Total de préstamos Signatura topográfica completa Código de barras Fecha visto por última vez Precio válido a partir de Tipo de ítem Koha Fuente del sistema de clasificación o colocación Restricciones de uso Fuente de adquisición Número de copia Nota pública
      Patrimonio Dominicano Biblioteca Nacional Pedro Henríquez Ureña Biblioteca Nacional Pedro Henríquez Ureña En catalogación 11.11.2024     BNPHU PD P969 2024-6352 11.11.2024 11.11.2024 Libro Dewey Decimal Classification Excluido de préstamo Donado por la Presidencia de la República Dominicana 2023 e.2 Pertenecio a la biblioteca personal de Emilio Cordero Michel
    Excluido de préstamo Patrimonio Dominicano Patrimonio Dominicano Patrimonio Dominicano En catalogación 29.06.2011 LF1   31674-10 25.06.2020 25.06.2020 Libro y Folleto Colección Patrimonio Dominicano          

Powered by Koha